| 000 | 01273nam0a22003011 4500 | ||
|---|---|---|---|
| 001 | rc\3177018 | ||
| 005 | 20120615113437.1 | ||
| 021 |
_aRU _b[76-99315] |
||
| 035 | _a(NLR Aleph) 007311661 | ||
| 090 |
_a5816465 _c5816465 |
||
| 100 | _a20120615d1976 |||y0rusy50 ca | ||
| 101 | 0 | _arus | |
| 102 | _aRU | ||
| 105 | _aa z ||||| | ||
| 200 | 1 |
_aИзбранное _eДля сред. школьного возраста _fИ.С. Тургенев _g[Ред. коллегия: Бычко В.В. и др. _gВступ. статья, с. 5-28 пояснит. статьи к романам и примеч. Н.В. Богословского] |
|
| 210 |
_aКиев _cВеселка _d1976 |
||
| 215 |
_a488 с. _cил. _d21 |
||
| 225 | 1 | _aШкольная библиотека | |
| 327 | 1 | _aСодерж.: Рудин; Дворянское гнездо; Накануне | |
| 464 | 0 | _12001#$aРудин$aДворянское гнездо$aНакануне | |
| 700 | 1 |
_aТургенев _bИ. С. _gИван Сергеевич |
|
| 702 | 1 |
_aБычко _bВ. В. _gВалентин Васильевич _4340 |
|
| 702 | 1 |
_aБогословский _bН. В. _4080 _4212 |
|
| 801 | 0 |
_aRU _bNLR _gpsbo |
|
| 801 | 1 |
_aRU _bELAR _2rusmarc |
|
| 852 |
_aNLR _j77-3/3328 |
||
| 942 | _cBOOK | ||
| 980 | _aNB | ||